000
00334nam a2200145Ia 4500
008
150301s2015 xx 000 0 und d
082
_a
615.19
_b
P13W
100
_a
WATSON, DARID G
245
_a
PHARMACEUTICAL ANALYSIS
250
_a
3RD
260
_b
CHURCHILL, INDIA
300
_a
427
650
_a
PHARMACEUTICS
942
_2
ddc
_c
BK
999
_c
7378
_d
7378